Quick Pick: Bechdel Test Movies Quiz Stats

 Plays Quiz Updated Jun 27, 2017

Support Sporcle.
Go Orange.
Score 0/8 Timer 01:00
1 Play Today
% Correct
The Hunger Games
82%
The Sound of Music
72%
Zootopia
59.6%
Gone with the Wind
58.9%
Crouching Tiger, Hidden Dragon
57.5%
Crash
47.7%
The Room
43.4%
Children of Men
40%

Today's Daily Dose

You're not logged in!

Compare scores with friends on all Sporcle quizzes.
OR
Log In
Forgot?

From the Vault

London Boroughs

by Matt

Each borough of London has their own government and schools, and on a cold winter night, hopefully each also has a plethora of warm friendly pubs.
Remove Ads.
Support Sporcle.
Get the best of Sporcle when you Go Orange. This ad-free experience offers more features, more stats, and more fun while also helping to support Sporcle. Thank you for becoming a member.

Show Comments

Extras

Top Quizzes Today


Score Distribution

Your Account Isn't Verified!

In order to create a playlist on Sporcle, you need to verify the email address you used during registration. Go to your Sporcle Settings to finish the process.

Report this User

Report this user for behavior that violates our Community Guidelines.

Details: